Jsou komodity správnou volbou?

Investičné rady a investovanie do jednotlivých aktív. Komodity ako jedny z najznámejších aktív s dobrým potenciálom. Volatilita a vývoj závislosti komodít a akcií. Nástroje obchodovania na komoditnom trhu.

Salvato in:
Dettagli Bibliografici
Autore principale: Břicháč, Petr
Natura: Capitolo di libro
Lingua:ceco
Soggetti:
Tags: Aggiungi Tag
Nessun Tag, puoi essere il primo ad aggiungerne!!

MARC

LEADER 00000naa$a2200000$$$4500
001 0125028
005 20231129093542.0
041 0 |a cze 
044 |a CZ 
245 1 0 |a Jsou komodity správnou volbou?  |c Petr Břicháč 
520 |a Investičné rady a investovanie do jednotlivých aktív. Komodity ako jedny z najznámejších aktív s dobrým potenciálom. Volatilita a vývoj závislosti komodít a akcií. Nástroje obchodovania na komoditnom trhu. 
610 2 0 |a komodity 
610 2 0 |a burzy komoditné 
610 2 0 |a burzy plodinové 
610 2 0 |a trh finančný 
610 2 0 |a kontrakty 
610 2 0 |a investovanie obozretné 
610 2 0 |a fond dovozný 
610 2 0 |a fond vývozný 
610 2 0 |a indexy cenové 
610 2 0 |a volatilita 
100 1 |a Břicháč, Petr